000 00466nam a2200205Ia 4500
999 _c2977
_d2977
003 0100
008 130227s9999 xx 000 0 und d
040 _cARRUPELIB
050 _aDT777.M44
100 _aMeintjes, Johannes
_939746
245 _aSandile:
_bthe fall of the Xhosa nation /
260 _aCape Town
_bT. V. Bulpin
_c1971
300 _a312p
300 _b 23cm
650 _aSandile
_939747
650 _aAfrica, South
_xHistory
_xKafir Wars
_939748
942 _2lcc
_cMONOGRAPH